Natural language understanding

From a leading authority in artificial intelligence, this book delivers a synthesis of the major modern techniques and the most current research in natural language processing. The approach is unique in its coverage of semantic interpretation and discourse alongside the foundational material in synt...

Popoln opis

Shranjeno v:
Bibliografske podrobnosti
Glavni avtor: Allen, James
Format: Knjiga
Jezik:Undetermined
Izdano: Redwood City, Calif. Benjamin/​Cummings Pub. Co. 1995
Teme:
Oznake: Označite
Brez oznak, prvi označite!
Thư viện lưu trữ: Trung tâm Học liệu Trường Đại học Cần Thơ
LEADER 00983nam a2200217Ia 4500
001 CTU_224532
008 210402s9999 xx 000 0 und d
020 |c 3543000 
082 |a 006.35 
082 |b A425 
100 |a Allen, James 
245 0 |a Natural language understanding 
245 0 |c James Allen 
260 |a Redwood City, Calif. 
260 |b Benjamin/​Cummings Pub. Co. 
260 |c 1995 
520 |a From a leading authority in artificial intelligence, this book delivers a synthesis of the major modern techniques and the most current research in natural language processing. The approach is unique in its coverage of semantic interpretation and discourse alongside the foundational material in syntactic processing. 
650 |a Ngôn ngữ lập trình (Máy tính điện tử),Programming languages (Electronic computers) 
650 |x Ngữ nghĩa,Semantics 
910 |b nthai 
980 |a Trung tâm Học liệu Trường Đại học Cần Thơ